| 000 | 00998nam a22001937a 4500 | ||
|---|---|---|---|
| 003 | BR-ViAPE | ||
| 005 | 20260417132319.0 | ||
| 008 | 260417s1936 por gs||||s000 0 por d | ||
| 040 | _cBR-ViAPE | ||
| 110 |
_aEspírito Santo _bEstado |
||
| 245 | _aRelatório apresentado ao governo do estado e à diretoria nacional da saúde e assistência médico-social pelo Dr. Pedro Fontes, chefe do serviço de prophylaxia da lepra e doenças venereas no estado do Espirito Santo, referente ao ano de 1934 | ||
| 260 |
_aVitória _bImprensa Oficial _c1936 |
||
| 300 |
_a27 p. _bDocumento digitalizado (PDF) |
||
| 500 | _aDocumento digitalizado do acervo institucional do Arquivo Público do Estado do Espírito Santo - APEES. | ||
| 650 |
_xAdministração pública _zEspírito Santo |
||
| 651 |
_aEspírito Santo _xRelatórios governamentais |
||
| 856 |
_uhttps://ape.es.gov.br/Media/ape/PDF/Relatorios/1930/relatorio2%20-%20ano%201936%20cx14.pdf _yCLIQUE AQUI PARA ACESSAR O DOCUMENTO |
||
| 942 |
_2ddc _cMSGREL _n1 |
||
| 999 |
_c510 _d510 |
||